Goode's world atlas / (Record no. 283338)
[ view plain ]
| 000 -LEADER | |
|---|---|
| fixed length control field | 00465nam a2200157Ia 4500 |
| 008 - FIXED-LENGTH DATA ELEMENTS--GENERAL INFORMATION | |
| fixed length control field | 150223s9999 xx 000 0 und d |
| 020 ## - INTERNATIONAL STANDARD BOOK NUMBER | |
| International Standard Book Number | 136128246 |
| 050 ## - LIBRARY OF CONGRESS CALL NUMBER | |
| Classification number | G1021 |
| Item number | .V489 2005 |
| 100 ## - MAIN ENTRY--PERSONAL NAME | |
| Personal name | Veregin, Howard. |
| 245 ## - TITLE STATEMENT | |
| Title | Goode's world atlas / |
| Statement of responsibility, etc | Howard Veregin. |
| 250 ## - EDITION STATEMENT | |
| Edition statement | 21st |
| 260 ## - PUBLICATION, DISTRIBUTION, ETC. (IMPRINT) | |
| Name of publisher, distributor, etc | Rand McNally & Company, |
| Date of publication, distribution, etc | 2005 |
| 300 ## - PHYSICAL DESCRIPTION | |
| Extent | 371 pages : |
| Other physical details | Colored, Illustration ; |
| Dimensions | 28 cm. |
| 504 ## - BIBLIOGRAPHY, ETC. NOTE | |
| Bibliography, etc | Includes glossary and Index. |
| 650 ## - SUBJECT ADDED ENTRY--TOPICAL TERM | |
| Topical term or geographic name as entry element | World |
| General subdivision | Geography |
No items available.